000 00444nam a2200169Ia 4500
008 100122s9999 xx 000 0 und d
082 _b28402
_a821
100 _aकालिदास
245 _aमेघदूत
250 _a2
260 _bसरिता प्रक ाशन
_c1905
300 _a95
630 _aमेघदूत
700 _aलेखक शोधणे
730 _aमेघदूत
942 _cBOOK
999 _c414075
_d414072